Life-Saving Appliances including LSA Code / (Record no. 52)

000 -LEADER
fixed length control field 00571nam a2200169Ia 4500
008 - FIXED-LENGTH DATA ELEMENTS--GENERAL INFORMATION
fixed length control field 190719s9999||||xx |||||||||||||| ||und||
020 ## - INTERNATIONAL STANDARD BOOK NUMBER
International Standard Book Number 9789280116540
Terms of availability £ 30.00
040 ## - CATALOGING SOURCE
Original cataloging agency IMU Kochi
082 04 - DEWEY DECIMAL CLASSIFICATION NUMBER
Classification number 623.865
Item number In821
110 ## - MAIN ENTRY--CORPORATE NAME
Corporate name or jurisdiction name as entry element International Maritime Organization
245 #0 - TITLE STATEMENT
Title Life-Saving Appliances including LSA Code /
Statement of responsibility, etc. International Maritime Organization
250 ## - EDITION STATEMENT
Edition statement 2017th ed.
260 ## - PUBLICATION, DISTRIBUTION, ETC.
Place of publication, distribution, etc. London :
Name of publisher, distributor, etc. International Maritime Organization ,
Date of publication, distribution, etc. 2017
300 ## - PHYSICAL DESCRIPTION
Extent viii, 288 p.
Other physical details : ill.
Dimensions ; 21 cm.
650 ## - SUBJECT ADDED ENTRY--TOPICAL TERM
Topical term or geographic name entry element Lifesaving
General subdivision Equipment and supplies
942 ## - ADDED ENTRY ELEMENTS (KOHA)
Source of classification or shelving scheme
Koha item type Books
Holdings
Withdrawn status Lost status Damaged status Not for loan Collection code Permanent Location Current Location Shelving location Date acquired Source of acquisition Cost, normal purchase price Total Checkouts Full call number Barcode Date last seen Date last checked out Price effective from Koha item type Public note
        IMO Collection IMU Kochi Library IMU Kochi Library Reference 2017-03-30 Excel Books Pvt. Ltd. 2003.00 2 623.865 In821 BK004544 2023-12-07 2023-12-07 2019-07-19 Books Shelf-3, Row-3
        IMO Collection IMU Kochi Library IMU Kochi Library Reference 2017-03-30 Excel Books Pvt. Ltd. 2003.00 7 623.865 In821 BK004545 2025-10-03 2025-09-19 2019-07-19 Books Shelf-3, Row-3


Copyright © All Rights Reserved by Indian Maritime University, Kochi Campus.
For any Suggestions/Query Contact to library or Email: library.kochi@imu.ac.in Ph:(0484)-2989402
(Web OPAC Designed by Rudra Ranjan. Maintained by IMU Kochi Library)

Powered by Koha